<?xml version='1.0' encoding='UTF-8'?>
  <record xmlns="http://www.loc.gov/MARC21/slim">
    <leader>00000cam a22000007i 4500</leader>
    <controlfield tag="001">ocn902194028</controlfield>
    <controlfield tag="003">OCoLC</controlfield>
    <controlfield tag="005">20250927062146.9</controlfield>
    <controlfield tag="008">150127s1798    ne            000 0 dut d</controlfield>
    <datafield tag="040" ind1=" " ind2=" ">
      <subfield code="a">NLGGC</subfield>
      <subfield code="b">dut</subfield>
      <subfield code="e">fobidrtb</subfield>
      <subfield code="c">NLGGC</subfield>
      <subfield code="d">QGJ</subfield>
      <subfield code="d">OCLCL</subfield>
      <subfield code="d">OCLCQ</subfield>
    </datafield>
    <datafield tag="029" ind1="0" ind2=" ">
      <subfield code="a">NLGGC</subfield>
      <subfield code="b">388606703</subfield>
    </datafield>
    <datafield tag="035" ind1=" " ind2=" ">
      <subfield code="a">(OCoLC)902194028</subfield>
    </datafield>
    <datafield tag="041" ind1="1" ind2=" ">
      <subfield code="a">dut</subfield>
      <subfield code="h">ger</subfield>
    </datafield>
    <datafield tag="100" ind1="1" ind2=" ">
      <subfield code="a">Spiess, Christian Heinrich,</subfield>
      <subfield code="d">1755-1799.</subfield>
      <subfield code="1">https://id.oclc.org/worldcat/entity/E39PBJqK8bKkxbDFFPFGWC3JDq</subfield>
    </datafield>
    <datafield tag="245" ind1="1" ind2="3">
      <subfield code="a">De gevolgen van een eenige leugen :</subfield>
      <subfield code="b">tooneelspel /</subfield>
      <subfield code="c">naar het Hoogduitsch van C.H. Spiesz.</subfield>
    </datafield>
    <datafield tag="260" ind1=" " ind2=" ">
      <subfield code="a">Te Amsteldam :</subfield>
      <subfield code="b">by de wed. J. Dóll,</subfield>
      <subfield code="c">1798.</subfield>
    </datafield>
    <datafield tag="300" ind1=" " ind2=" ">
      <subfield code="a">148 p. :</subfield>
      <subfield code="b">ill. ;</subfield>
      <subfield code="c">16 cm.</subfield>
    </datafield>
    <datafield tag="336" ind1=" " ind2=" ">
      <subfield code="a">tekst</subfield>
      <subfield code="b">txt</subfield>
      <subfield code="2">rdacontent/dut</subfield>
    </datafield>
    <datafield tag="337" ind1=" " ind2=" ">
      <subfield code="a">zonder medium</subfield>
      <subfield code="b">n</subfield>
      <subfield code="2">rdamedia/dut</subfield>
    </datafield>
    <datafield tag="338" ind1=" " ind2=" ">
      <subfield code="a">band</subfield>
      <subfield code="b">nc</subfield>
      <subfield code="2">rdacarrier/dut</subfield>
    </datafield>
    <datafield tag="490" ind1="0" ind2=" ">
      <subfield code="a">Zedelyk schouw-tooneel der menschelyke hartstochten en daaden of tooneel-stukken van vernuft en smaak ;</subfield>
      <subfield code="v">dl. 5, stk. 3</subfield>
    </datafield>
    <datafield tag="500" ind1=" " ind2=" ">
      <subfield code="a">Imprint: Te Amsteldam, by de wed. J. Dóll. In de Kalverstraat. 1798.</subfield>
    </datafield>
    <datafield tag="500" ind1=" " ind2=" ">
      <subfield code="a">Illustrations: diepdruk / intaglio printing).</subfield>
    </datafield>
    <datafield tag="510" ind1="3" ind2=" ">
      <subfield code="a">Van Aken 2, 77</subfield>
    </datafield>
    <datafield tag="700" ind1="1" ind2=" ">
      <subfield code="a">Kok, W.</subfield>
      <subfield code="4">dsr</subfield>
    </datafield>
    <datafield tag="700" ind1="1" ind2=" ">
      <subfield code="a">Vrydag, D.</subfield>
      <subfield code="4">egr</subfield>
    </datafield>
    <datafield tag="700" ind1="1" ind2=" ">
      <subfield code="a">Winkel, Jan te.</subfield>
      <subfield code="4">fmo</subfield>
    </datafield>
    <datafield tag="700" ind1="1" ind2=" ">
      <subfield code="a">Mittelmeijer, Anton A.</subfield>
      <subfield code="4">fmo</subfield>
    </datafield>
    <datafield tag="758" ind1=" " ind2=" ">
      <subfield code="a">De gevolgen von een eenige leugen (Text)</subfield>
      <subfield code="1">https://id.oclc.org/worldcat/entity/E39PCG6rQxmpYTYcHVR83QXjYd</subfield>
      <subfield code="4">https://id.oclc.org/worldcat/ontology/hasWork</subfield>
    </datafield>
    <datafield tag="936" ind1=" " ind2=" ">
      <subfield code="a">BATCHLOAD</subfield>
    </datafield>
  </record>